000 00276 a2200109 4500
001 123194
020 _a9788578274542
040 _cEscola Canadense de Niteroi
090 _aF3
245 1 0 _aUma Floresta de Histórias - contos de árvores Mágicas do Mundo todo.
942 _cBK
999 _c123194
_d123194